000 00996nam a2200313 c 4500
003 BLK
005 20230904154021.0
008 180407b bul|||||r ||||||| ||bul||
010 _aKNG00031545000
020 _a954-439-555-5
_bиздат.: Слово
040 _aBLK
041 _aBUL
_cBUL
080 _aБългарска литература
_b821.163.2
_x-1
_z821.163.2-1
100 1 _aВазов, Иван Минчов
_eпърви автор
_9363396
139 _aВазов, Иван Минчов
_bВ 15
245 1 0 _aСтихотворения
_cИван Минчов Вазов.
250 _a2. изд
257 _aBGR
260 В. Търново
_bСлово
_c1999
300 _a192 с.
_c20 см
380 _aX
490 1 _aМалка ученическа библиотека
852 _aЦб 199796
856 4 _qpdf
_u
856 4 _qpdf
_u
942 _cKNG
_n0
_08
944 _aCR
_c15.01.2003
_k30530
_lМинев Младен
944 _aED
_c05.02.2013
_k
999 _c28941
_d28941